| 000 | 00699nam a22002297a 4500 | ||
|---|---|---|---|
| 999 |
_c17153 _d17153 |
||
| 003 | OSt | ||
| 005 | 20181122105226.0 | ||
| 008 | 181122b ||||| |||| 00| 0 eng d | ||
| 020 | _a9780123858740 | ||
| 040 | _aSEKU | ||
| 050 |
_aQH 343.7 _b.S35 2013 |
||
| 100 | _aSchlesinger, William H. | ||
| 245 |
_aBiogeochemistry : _ban analysis of global change / _cWilliam H. Schlesinger and Emily S. Bernhardt. |
||
| 250 | _a3rd ed. | ||
| 260 |
_aWaltham, MA : _aOxford : _bAcademic Press, _c2013. |
||
| 300 |
_a672 p. : _bill. |
||
| 504 | _aIncludes bibliographical references and index. | ||
| 650 | _aBiogeochemistry | ||
| 650 | _aGeochemistry | ||
| 700 | _aBernhardt, Emily S. | ||
| 942 |
_2lcc _cGEN |
||